01219nam a2200289 a 450000500170000000800410001702000150005804100080007309200170008110000240009824500580012225000750018026000320025530000200028750000940030765300110040165300110041265300210042365300100044465300120045465300110046665300210047794200120049899900150051095202220052595201820074720240528102711.0101001t1974||||sp a f||||||||||||spa d a8434511185 aspa c611l75sROU1 aRouviere, Henri974 aCompendio de Anatomía y Disección /cH. Rouviere. a3a ed. en español de la 7ª edición francesa, corregida y revisada aBarcelona: bSalvat;c1974. a857 p.b456 il. aRouviere, H. (1974). Compendio de anatomía y disección. (3a ed.). Barcelona : Salvat. aCuello aCabeza aMiembro Superior aTorax aAbdomen aPelvis aMiembro Inferior 2ddccBK c2250d2250 00102ddc4070aBFMbBFMcCRd2016-03-31eDonación Dr. G. Zenon Beguelin marzo 2016l1o611 75 ROUp3649r2019-10-28s2019-10-24tEj.1w2016-03-31yBKzHemeroteca 2022. Donación Dr. G. Zenon Beguelin marzo 2016f 00102ddc4070aBFMbBFMcCRd2019-02-19eDonación Febrero 2019l2o611 75 ROUp4380r2019-10-28s2019-10-24tEj.2w2019-02-19yBKzDonación Febrero 2019. Hemeroteca 2022f